Sociology-1 / (Record no. 81464)

MARC details
000 -LEADER
fixed length control field 00517nam a22001817a 4500
005 - DATE AND TIME OF LATEST TRANSACTION
control field 20140109153607.0
010 ## - LCCN (DPL NO)
LC control number ENG-109004
020 ## - INTERNATIONAL STANDARD BOOK NUMBER
International Standard Book Number 9789351430391
Terms of availability 140.00
035 ## - SYSTEM CONTROL NUMBER
System control number EN-92537
037 ## - SOURCE OF ACQUISITION
Source of stock number/acquisition DBAD/PUB
082 ## - DEWEY DECIMAL CLASSIFICATION NUMBER
Classification number 301
100 ## - MAIN ENTRY--PERSONAL NAME
Personal name Thorpes
245 ## - TITLE STATEMENT
Title Sociology-1 /
Statement of responsibility, etc by Thorpes
260 ## - PUBLICATION, DISTRIBUTION, ETC. (IMPRINT)
Place of publication, distribution, etc Gurgaon
Name of publisher, distributor, etc Lexis Nexis
Date of publication, distribution, etc 2013
270 ## - ADDRESS
Address 14th floor, Building No 10, Tower-B, DLF Cyber City, Phase-ll,
City Gurgaon
Postal code 122002
300 ## - PHYSICAL DESCRIPTION
Extent xii,177p.
Dimensions 22cm(pbk)
942 ## - ADDED ENTRY ELEMENTS (KOHA)
Source of classification or shelving scheme Dewey Decimal Classification
Item type English Books
Call number suffix THO
Classification part 301
Holdings
Withdrawn status Lost status Not for loan Collection code Home library Current library Date acquired Source of acquisition Cost, normal purchase price Full call number Barcode Copy number Cost, replacement price Koha item type
    Not For Loan Non-fiction D.B.Act.Division D.B.Act.Division 24/12/2013 DBAD/PUB 140.00 301 THO EN-92537 1 140.00 English Books

© Delhi Public Library
Hit Counter
free hit counter